000 00480nam a22001817a 4500
003 MPLRDC
005 20220104183841.0
008 210129b ||||| |||| 00| 0 eng d
020 _a962-07-6402-8
082 _a735.528 GYCSZ
100 _a高远菜穗子
245 _a伊拉克生死场
_c王仲涛译
250 _a一版一刷
260 _a香港
_b商务印书馆(香港)有限公司
_c2008
300 _b
650 _a现代伊拉克
942 _cBK
_o735.528 GYCSZ
999 _c62597
_d62587